A hit or miss affair (Record no. 71750)

MARC details
000 -LEADER
fixed length control field 00850cam a2200205 4500
001 - CONTROL NUMBER
control field ABS66251
008 - FIXED-LENGTH DATA ELEMENTS--GENERAL INFORMATION
fixed length control field 021211n2002 000 0 eng u
035 ## - SYSTEM CONTROL NUMBER
System control number (Sirsi) u120739
100 ## - MAIN ENTRY--PERSONAL NAME
Personal name Hemsley, A
245 #2 - TITLE STATEMENT
Title A hit or miss affair
260 ## - PUBLICATION, DISTRIBUTION, ETC.
Date of publication, distribution, etc. 2002
490 ## - SERIES STATEMENT
Series statement Building
Volume/sequential designation 267(8257) 1 November 2002, 50(1)
520 ## - SUMMARY, ETC.
Summary, etc. Argues that if PFI contracts are not well targeted they may fail, even though they may contain incentives and penalties to ensure good performance on services. Special purpose vehicles (SPV) are the companies set up to run the projects, and they must be carefully structured to ensure accurate measurement of performance.
590 ## - LOCAL NOTE (RLIN)
Local note ABS
650 ## - SUBJECT ADDED ENTRY--TOPICAL TERM
Topical term or geographic name entry element PFI
650 ## - SUBJECT ADDED ENTRY--TOPICAL TERM
Topical term or geographic name entry element SPECIAL PURPOSE VEHICLE
650 ## - SUBJECT ADDED ENTRY--TOPICAL TERM
Topical term or geographic name entry element PERFORMANCE MEASUREMENT
690 ## - LOCAL SUBJECT ADDED ENTRY--TOPICAL TERM (OCLC, RLIN)
Topical term or geographic name as entry element MANAGEMENT-BUSINESS MANAGEMENT-FINANCIAL MANAGEMENT
942 ## - ADDED ENTRY ELEMENTS (KOHA)
Suppress in OPAC 0
Holdings
Withdrawn status Lost status Source of classification or shelving scheme Damaged status Not for loan Home library Current library Shelving location Date acquired Total Checkouts Full call number Barcode Date last seen Copy number Price effective from Koha item type
    Dewey Decimal Classification     London London Journal article 11/12/2002   ABS66251 120739-1001 06/08/2019 1 06/08/2019 Journal article